• 首页
  • 本馆介绍
  • 公告通知
  • 最新文献
  • 馆藏检索
  • 电子资源
  • 读者导购
  • 参考咨询
  • 我的图书馆
  • 登录
  • 详细信息显示
  • 放入我的书架
  • 预约/预借图书
  • 作者相关作品
  • 分类相关作品
  • 丛书相关作品
  • 出版社相关作品

书目信息

  • 表格格式
  • 工作单格式
  • 卡片格式
题名:
海战事典
    
 
作者: 哈瑟, , 舍尔, , 杰利科, 著 ;孙晓翔 编译
分册: 004   回忆日德兰
出版信息: 长春   吉林文史出版社  2016.07
页数: 203页
开本: 23cm
丛书名: 指文MOOK系列
单 册:
中图分类: E19-49
科图分类:
主题词: 海战--hai zhan--战争史--世界--通俗读物
电子资源:
ISBN: 978-7-5472-3179-1
000 01063nam 2200301 450
001 CAL 0120161961209
005 20230307161058.27
010    @a978-7-5472-3179-1@dCNY69.8
100    @a20160718d2016 em y0chiy0120 ea
101 1  @achi@cger@ceng
102    @aCN@b220000
105    @aabk z 000yy
106    @ar
200 1  @a海战事典@Ahai zhan shi dian@h004@i回忆日德兰@f编译孙晓翔@g著 (德) 乔治·冯·哈瑟, 莱因哈德·舍尔, (英) 约翰·杰利科
210    @a长春@c吉林文史出版社@d2016.07
215    @a203页@c图, 地图@d23cm
225 2  @a指文MOOK系列@Azhi wen MOOKxi lie
330    @a本书主要内容包括: 译序、基尔和日德兰、斯卡洛拉克战役、日德兰海战、译后记。
410  0 @12001 @a指文MOOK系列
517 1  @a回忆日德兰@Ahui yi ri de lan
606 0  @a海战@Ahai zhan@x战争史@y世界@j通俗读物
690    @aE19-49@v5
701  1 @a哈瑟,@Aha se@b乔治·冯@4著
701  1 @a舍尔,@Ashe er@b莱因哈德@4著
701  1 @a杰利科,@Ajie li ke@b约翰@4著
702  0 @a孙晓翔@Asun xiao xiang@4编译
801  0 @aCN@bBJXHZP@c20230228
905    @b1405725-8@dE19-49@e132:4@f4
    
    海战事典.004.回忆日德兰/编译孙晓翔/著 (德) 乔治·冯·哈瑟, 莱因哈德·舍尔, (英) 约翰·杰利科.-长春:吉林文史出版社,2016.07
    203页:图, 地图;23cm.-(指文MOOK系列)
    
    
    ISBN 978-7-5472-3179-1:CNY69.8
    本书主要内容包括: 译序、基尔和日德兰、斯卡洛拉克战役、日德兰海战、译后记。
●
相关链接 在E读中查询图书 在五车中查询图书 在当当中查询图书 在豆瓣中查询图书


正题名:海战事典     索取号:E19-49/132:4         预约/预借

序号 登录号 条形码 馆藏地/架位号 状态 备注
1 1405725   214057250   第一样本阅览室/ [索取号:E19-49/132:4] 在馆    
2 1405726   214057269   第一借阅区/ [索取号:E19-49/132:4] 在馆    
3 1405727   214057278   第一借阅区/ [索取号:E19-49/132:4] 在馆    
4 1405728   214057287   第一借阅区/ [索取号:E19-49/132:4] 在馆    
唐山师范学院图书馆 欢迎您!
大连网信软件有限公司© 版权所有